| 000 | 00532nam a2200145Ia 4500 | ||
|---|---|---|---|
| 008 | 100204s9999 xx 000 0 und d | ||
| 082 | _b23076 | ||
| 100 | _aसाने भालचंद्र्र | ||
| 245 | _aघराणं प्रतिष्ठित हवं | ||
| 260 |
_b"आपलं प्रकाशन, मुंबई" _c1997 |
||
| 300 | _a135 | ||
| 630 | _aघराणं प्रतिष्ठित हवं | ||
| 730 | _aघराणं प्रतिष्ठित हवं | ||
| 942 | _cBOOK | ||
| 999 |
_c468185 _d468182 |
||